Quizz Animaux - Série 01 - Statistiques

Statistiques générales
  • Ce quiz a été pris 503 fois
  • Le résultat moyen est 8 sur 10
Statistiques - réponses
Question Réponse % Correct
Quel est l'intrus ? gibbon
100%
Quel est l'intrus ? sphynx
100%
Quel est l'intrus ? truite
100%
Quel est l'intrus ? lama
92%
Quel est l'intrus ? marlin
92%
Quel est l'intrus ? boxer
85%
Quel est l'intrus ? dingo
85%
Quel est l'intrus ? okapi
77%
Quel est l'intrus ? lérot
38%
Quel est l'intrus ? écrevisse
15%
Aucun quiz correspondant
Distribution des résultats
% des personnes avec chaque résultat
Percentile par nombre de réponses
Votre historique - résultats
Vous n’avez pas pris ce quiz